000 00572nam a22002057a 4500
005 20241018135801.0
008 241018b |||||||| |||| 00| 0 eng d
020 _a9780333778210
050 _aHB171.5
_b.K68 KOU
082 _22nd Ed.
100 _aKoutsoyiannis A.
245 _aModern Microeconomics/
_cA. Koutsoyiannis
250 _a2nd Ed.
260 _aHoundmills
_bMacMillan Press Ltd.
_cc1979
300 _axvii. 581pages.
_bill.
_c24cmx18cm
500 _aIncludes Subject Index
650 _2Economics
650 _2Microeconomics
942 _2lcc
_cBK
_e2nd Ed.
_n0
999 _c56
_d56